| 000 | 00362cam a22001337a 4500 | ||
|---|---|---|---|
| 008 | 180718b1949 xxu||||| |||| 00| 0 eng d | ||
| 082 | _aB7x42 B273 | ||
| 100 | _aBarratt, Charles | ||
| 245 |
_aYour local authority _cby Charles, Barratt |
||
| 250 | _a2nd ed. | ||
| 260 |
_aLondon _bPitman _c1949 |
||
| 300 | _ax, 213p | ||
| 650 | _aLocal government --Great Britain. | ||
| 999 |
_c422203 _d422203 |
||